Sociology of crime and delinquency in Britain. V1 (Record no. 573958)

MARC details
000 -LEADER
fixed length control field 00741nam a2200253Ia 4500
003 - CONTROL NUMBER IDENTIFIER
control field OSt
005 - DATE AND TIME OF LATEST TRANSACTION
control field 20220925221324.0
008 - FIXED-LENGTH DATA ELEMENTS--GENERAL INFORMATION
fixed length control field 220923b |||||||| |||| 00| 0 eng d
037 ## - SOURCE OF ACQUISITION
Terms of availability General Book
040 ## - CATALOGING SOURCE
Original cataloging agency RTL
Transcribing agency RTL
Language of cataloging eng
041 ## - LANGUAGE CODE
Source of code eng
Language code of text/sound track or separate title eng
100 ## - MAIN ENTRY--PERSONAL NAME
Personal name Carson W G Ed.
9 (RLIN) 286278
245 #0 - TITLE STATEMENT
Title Sociology of crime and delinquency in Britain. V1
260 ## - PUBLICATION, DISTRIBUTION, ETC.
Place of publication, distribution, etc. London
Name of publisher, distributor, etc. Martin Robertson
Date of publication, distribution, etc. 1971
300 ## - PHYSICAL DESCRIPTION
Extent 300p
Dimensions cm.
490 ## - SERIES STATEMENT
Volume/sequential designation V1: The British tradition
650 ## - SUBJECT ADDED ENTRY--TOPICAL TERM
Topical term or geographic name entry element Social Crime
9 (RLIN) 233199
700 ## - ADDED ENTRY--PERSONAL NAME
Personal name Wiles Paul Ed.
9 (RLIN) 286279
942 ## - ADDED ENTRY ELEMENTS (KOHA)
Classification part Y:45.3.N7, L1
Koha item type General Books
Source of classification or shelving scheme Colon Classification (CC)
Holdings
Withdrawn status Lost status Damaged status Not for loan Home library Current library Date acquired Serial Enumeration / chronology Total Checkouts Full call number Barcode Date last seen Price effective from Koha item type
        Ratan Tata Library Ratan Tata Library 2022-09-25 V1: The British tradition   Y:45.3.N7 L1 RT0491256 2022-09-25 2022-09-25 General Books
Copyright @ Delhi University Library System